| 000 | 00000nam##2200000za#4500 |
| 001 | 9.695802 |
| 003 | CaOODSP |
| 005 | 20210624234737 |
| 007 | cr ||||||||||| |
| 008 | 150407|2009||||xxc|||||o f|0| 0 eng|d |
| 020 | |a978-1-100-20306-5 |
| 040 | |aCaOODSP|beng |
| 043 | |an-cn--- |
| 086 | 1 |aPS4-145/2009E-PDF |
| 110 | 1 |aCanada. |bPublic Safety Canada. |
| 245 | 10|a2008-2009 targeted evaluation of the Cross-Cultural Roundtable on Security / |h[electronic resource]|c[by] Program Evaluation and Performance Measurement. |
| 260 | |aOttawa - Ontario : |bPublic Safety Canada |cMarch 2008. |
| 300 | |a46p.|bfig., references, tables |
| 500 | |aProject Number: 570-2712 |
| 590 | |a12-43-Supp|b2012-12-07 |
| 775 | 08|t2008-2009 évaluation ciblée de la Table ronde transculturelle sur la sécurité / |w(CaOODSP)9.639950 |
| 856 | 40|ahttp://publications.gc.ca|qPDF|s381 KB|uhttps://publications.gc.ca/collections/collection_2012/sp-ps/PS4-145-2009-eng.pdf |